| 000 | 00340nam a2200133Ia 4500 | ||
|---|---|---|---|
| 999 |
_c1898 _d1898 |
||
| 020 | _a81-7029-665-x | ||
| 082 | _aRR 004.603 DYS-D | ||
| 100 | _aDyson, Pete; | ||
| 245 | 0 | _aDictionary of networking | |
| 260 |
_aNew Delhi _bBPB Publications _c1996 |
||
| 300 | _axi, 404p.: appendix | ||
| 650 | _aNetworks computer - Dictionaries | ||
| 942 | _cBK | ||